El CAFTA y las PYMES en Costa Rica /

Tallennettuna:
Bibliografiset tiedot
Päätekijä: Desanti Montero, José León
Aineistotyyppi: Teksti
Tagit: Lisää tagi
Ei tageja, Lisää ensimmäinen tagi!

MARC

LEADER 00000 a a2200000 04500
001 8225
003
040
100 |a Desanti Montero, José León  
245 |a El CAFTA y las PYMES en Costa Rica /  |c José León Desanti Montero 
773 |g volumen 6, número 4; páginas 58-61  
999 |c 29559  |d 29559